[Event "Florianopolis op 10th"]
[Site "Florianopolis"]
[Date "2024.01.22"]
[Round "4"]
[White "Da Cruz, Karoliny Taiane"]
[Black "Bortoloso, Moacir Canella"]
[Result "1-0"]
[WhiteElo "1774"]
[BlackElo "2033"]
[PlyCount "59"]
[EventDate "2024.01.20"]
[EventType "swiss"]
[EventRounds "10"]
[EventCountry "BRA"]
[SourceTitle "CBM 218 Extra"]
[Source "ChessBase"]
[SourceDate "2024.03.31"]
[SourceVersion "1"]
[SourceVersionDate "2024.03.31"]
[SourceQuality "1"]

1. e4 c5 2. Nf3 d6 3. d4 cxd4 4. Nxd4 Nf6 5. Nc3 a6 6. Be3 e5 7. Nb3 Be6 8. Be2 Be7 9. f4 exf4 10. Bxf4 Nc6 11. Qd2 b5 12. Bf3 Ne5 13. 0-0-0 Nc4 14. Qe2 Rc8 15. e5 Nd7 16. exd6 Bf6 17. Bd5 0-0 18. Bxe6 fxe6 19. Qxe6+ Kh8 20. Nd4 Nc5 21. Qg4 Qa5 22. d7 Qb4 23. Nb3 Nxd7 24. Bd6 Bg5+ 25. Qxg5 Nxd6 26. a3 Qc4 27. Rxd6 Nf6 28. Rd4 Qe6 29. Rhd1 h6 30. Qg3 1-0

[Event "Guarapari op"]
[Site "Guarapari"]
[Date "2019.11.16"]
[Round "4"]
[White "Bortoloso, Moacir Canella"]
[Black "Nascimento, Daniel Rojas"]
[Result "1/2-1/2"]
[WhiteElo "2074"]
[BlackElo "2007"]
[PlyCount "95"]
[EventDate "2019.11.15"]
[EventType "swiss"]
[EventRounds "6"]
[EventCountry "BRA"]
[SourceTitle "CBM 193 Extra"]
[Source "ChessBase"]
[SourceDate "2020.01.31"]
[SourceVersion "1"]
[SourceVersionDate "2020.01.31"]
[SourceQuality "1"]

1. e4 c5 2. Nf3 Nc6 3. d4 cxd4 4. Nxd4 g6 5. c4 Bg7 6. Be3 d6 7. Be2 Nf6 8. Nc3 0-0 9. 0-0 a6 10. h3 Bd7 11. Nf3 Qa5 12. c5 Rfd8 13. cxd6 Be6 14. Bf4 Nh5 15. Bh2 exd6 16. Nd2 Nf6 17. Nc4 Qg5 18. Kh1 Bxc4 19. Bxc4 b5 20. Bb3 b4 21. Ne2 d5 22. Qc1 Qxc1 23. Raxc1 Rac8 24. exd5 Nxd5 25. Ba4 Ne5 26. Bb3 Nb6 27. Rxc8 Rxc8 28. a3 bxa3 29. bxa3 a5 30. Rb1 Nbd7 31. Bg3 h5 32. Bf4 Nd3 33. Be3 N7c5 34. Bd5 Rd8 35. Bc6 Rd6 36. Ba8 a4 37. Rb8+ Kh7 38. Rc8 Nb3 39. Rc5 Nb2 40. Rc7 Rd1+ 41. Kh2 Be5+ 42. Bf4 Bxc7 43. Bxc7 Nc4 44. Nc3 Rd7 45. Nd5 Kg7 46. Bc6 Rxc7 47. Nxc7 Nc5 48. Nb5 1/2-1/2

[Event "BRA-ch Amateur U2200"]
[Site "Sao Paulo"]
[Date "2018.06.02"]
[Round "6"]
[White "Bortoloso, Moacir Canella"]
[Black "Nery Junior, Jose Antonio"]
[Result "1-0"]
[WhiteElo "2041"]
[BlackElo "2167"]
[PlyCount "59"]
[EventDate "2018.05.31"]
[EventType "swiss"]
[EventRounds "7"]
[EventCountry "BRA"]
[SourceTitle "EXT 2019"]
[Source "ChessBase"]
[SourceDate "2018.10.10"]
[SourceVersion "1"]
[SourceVersionDate "2018.10.10"]
[SourceQuality "1"]

1. e4 c5 2. Nf3 e6 3. d4 cxd4 4. Nxd4 Nf6 5. Nc3 d6 6. Be3 a6 7. f4 Qc7 8. Qf3 b5 9. Bd3 Bb7 10. 0-0 Nbd7 11. Nd1 Rc8 12. Rc1 Qb8 13. Nf2 Nc5 14. Rfe1 Qa8 15. Bd2 Be7 16. b4 Ncd7 17. Qh3 g6 18. a3 Rc7 19. e5 dxe5 20. fxe5 Nd5 21. Bxg6 fxg6 22. Nxe6 Nf8 23. Nxc7+ Nxc7 24. e6 Bd5 25. Qc3 Qc6 26. Qxh8 Ncxe6 27. Bh6 Kd7 28. Rcd1 Kd6 29. Bxf8 Nxf8 30. Qd4 1-0

[Event "BRA-ch Amateur U2200"]
[Site "Sao Paulo"]
[Date "2018.05.31"]
[Round "1"]
[White "Bortoloso, Moacir Canella"]
[Black "Rodrigues, Tiago Pereira"]
[Result "1-0"]
[WhiteElo "2041"]
[BlackElo "2182"]
[PlyCount "52"]
[EventDate "2018.05.31"]
[EventType "swiss"]
[EventRounds "7"]
[EventCountry "BRA"]
[SourceTitle "EXT 2019"]
[Source "ChessBase"]
[SourceDate "2018.10.10"]
[SourceVersion "1"]
[SourceVersionDate "2018.10.10"]
[SourceQuality "1"]

1. e4 c5 2. Nf3 a6 3. Nc3 d6 4. d4 cxd4 5. Nxd4 Nf6 6. Bg5 Nbd7 7. f4 h6 8. Bh4 Qc7 9. Qe2 e5 10. fxe5 dxe5 11. Nb3 Bb4 12. Qf3 Bxc3+ 13. bxc3 Qc6 14. Nd2 b5 15. Rd1 Bb7 16. Bd3 0-0 17. 0-0 Rac8 18. Qe2 Kh8 19. Rf5 Ng8 20. c4 b4 21. Nf1 f6 22. Ne3 Ne7 23. Rff1 a5 24. Qg4 Rce8 25. Rf3 Bc8 26. Qh5 b3 1-0

[Event "Serra CRXC 1st"]
[Site "Serra"]
[Date "2018.05.06"]
[Round "9"]
[White "Vieira, Paulo Cesar"]
[Black "Bortoloso, Moacir Canella"]
[Result "0-1"]
[WhiteElo "1837"]
[BlackElo "2041"]
[PlyCount "94"]
[EventDate "2018.04.20"]
[EventType "tourn"]
[EventRounds "10"]
[EventCountry "BRA"]
[SourceTitle "EXT 2019"]
[Source "ChessBase"]
[SourceDate "2018.10.10"]
[SourceVersion "1"]
[SourceVersionDate "2018.10.10"]
[SourceQuality "1"]

1. e4 e5 2. Nf3 d6 3. d4 Nd7 4. Bc4 Be7 5. 0-0 c6 6. c3 b5 7. Bb3 Bb7 8. Qe2 a6 9. Rd1 Qc7 10. Bg5 Ngf6 11. Nbd2 h6 12. Bh4 0-0 13. Rac1 c5 14. d5 c4 15. Bc2 Qd8 16. Nf1 Nc5 17. b4 cxb3 18. axb3 Bc8 19. h3 Bd7 20. c4 bxc4 21. bxc4 Nh5 22. Bg3 a5 23. Ne1 Nxg3 24. Nxg3 a4 25. Nd3 Nxd3 26. Qxd3 g6 27. Ra1 Ra5 28. Ra3 Qc7 29. Bb1 Rc8 30. Ba2 Kg7 31. Ra1 Bd8 32. Ne2 Qa7 33. Nc3 Bb6 34. Nb5 Bxf2+ 35. Kf1 Bxb5 36. cxb5 Bd4 37. Rb1 Qc5 38. b6 Rb8 39. b7 Ra7 40. Bc4 Raxb7 41. Rxb7 Rxb7 42. Rxa4 Rb2 43. Ra2 Rb4 44. Ba6 Qc1+ 45. Ke2 Rb1 46. Kf3 Qf4+ 47. Ke2 Qf2# 0-1

[Event "Serra CRXC 1st"]
[Site "Serra"]
[Date "2018.05.05"]
[Round "7"]
[White "Bortoloso, Moacir Canella"]
[Black "Oliveira, Alberty Rogher"]
[Result "1-0"]
[WhiteElo "2041"]
[BlackElo "2088"]
[PlyCount "36"]
[EventDate "2018.04.20"]
[EventType "tourn"]
[EventRounds "10"]
[EventCountry "BRA"]
[SourceTitle "EXT 2019"]
[Source "ChessBase"]
[SourceDate "2018.10.10"]
[SourceVersion "1"]
[SourceVersionDate "2018.10.10"]
[SourceQuality "1"]

1. e4 d6 2. d4 Nf6 3. Nc3 g6 4. f4 Bg7 5. Nf3 c6 6. e5 dxe5 7. fxe5 Nd5 8. Bc4 0-0 9. 0-0 Bg4 10. Ne4 b5 11. Bb3 h6 12. Kh1 a5 13. c3 Na6 14. Qe1 Bf5 15. Nh4 Be6 16. Bd2 a4 17. Bc2 Rc8 18. Qg3 g5 1-0

[Event "BRA-ch Amateur U2200"]
[Site "Sao Paulo"]
[Date "2017.10.13"]
[Round "4"]
[White "Bortoloso, Moacir Canella"]
[Black "Simao Vasconcellos, Pedro Augusto"]
[Result "1/2-1/2"]
[WhiteElo "2079"]
[BlackElo "1741"]
[PlyCount "62"]
[EventDate "2017.10.12"]
[EventType "swiss"]
[EventRounds "7"]
[EventCountry "BRA"]
[SourceTitle "EXT 2019"]
[Source "ChessBase"]
[SourceDate "2018.10.10"]
[SourceVersion "1"]
[SourceVersionDate "2018.10.10"]
[SourceQuality "1"]

1. e4 Nc6 2. Nf3 f5 3. e5 d6 4. exd6 cxd6 5. d4 Nf6 6. Nc3 e5 7. dxe5 dxe5 8. Qxd8+ Kxd8 9. Bg5 e4 10. 0-0-0+ Ke8 11. Nd4 Nxd4 12. Rxd4 Bc5 13. Rd2 Be6 14. Bb5+ Kf7 15. a3 a6 16. Ba4 b5 17. Bb3 Bxb3 18. cxb3 b4 19. axb4 Bxb4 20. Bxf6 gxf6 21. Rd7+ Kg6 22. Nd5 Rac8+ 23. Kb1 a5 24. Rd1 Rhe8 25. h4 h5 26. Nxb4 axb4 27. R1d4 f4 28. R7d6 e3 29. Rxf4 e2 30. Rfxf6+ Kg7 31. Rg6+ Kf7 1/2-1/2

[Event "BRA-ch Amateur U2200"]
[Site "Sao Paulo"]
[Date "2017.10.13"]
[Round "3"]
[White "De Sousa, Matheus Mazim"]
[Black "Bortoloso, Moacir Canella"]
[Result "1-0"]
[WhiteElo "2120"]
[BlackElo "2079"]
[PlyCount "43"]
[EventDate "2017.10.12"]
[EventType "swiss"]
[EventRounds "7"]
[EventCountry "BRA"]
[SourceTitle "EXT 2019"]
[Source "ChessBase"]
[SourceDate "2018.10.10"]
[SourceVersion "1"]
[SourceVersionDate "2018.10.10"]
[SourceQuality "1"]

1. d4 Nf6 2. c4 e6 3. Nf3 Bb4+ 4. Nbd2 0-0 5. e3 b6 6. Bd3 d5 7. 0-0 Be7 8. e4 dxc4 9. Nxc4 Bb7 10. Qe2 c5 11. dxc5 bxc5 12. Rd1 g6 13. Bh6 Nc6 14. Bxf8 Qxf8 15. Rac1 Qh6 16. e5 Ne8 17. Be4 Rb8 18. Rc3 Nb4 19. Bxb7 Rxb7 20. Nd6 Bxd6 21. exd6 Nd5 22. Rxd5 1-0

[Event "Guarapari op"]
[Site "Guarapari"]
[Date "2017.09.09"]
[Round "4"]
[White "Brito, Luismar"]
[Black "Bortoloso, Moacir Canella"]
[Result "1-0"]
[WhiteElo "2224"]
[BlackElo "2069"]
[PlyCount "71"]
[EventDate "2017.09.07"]
[EventType "swiss"]
[EventRounds "6"]
[EventCountry "BRA"]
[SourceTitle "CBM 180 Extra"]
[Source "ChessBase"]
[SourceDate "2017.10.06"]
[SourceVersion "1"]
[SourceVersionDate "2017.10.06"]
[SourceQuality "1"]

1. Nc3 c5 2. Nf3 Nf6 3. e4 e6 4. Be2 a6 5. a4 Qc7 6. 0-0 Nc6 7. d4 cxd4 8. Nxd4 Bb4 9. Nxc6 bxc6 10. Be3 d5 11. exd5 cxd5 12. Bd2 Bd6 13. h3 Bb7 14. Re1 0-0 15. a5 Rac8 16. Be3 Nd7 17. Bd4 Ne5 18. Be3 Ng6 19. Bd3 e5 20. Bb6 Qc6 21. Bf1 Ne7 22. Bd8 Rcxd8 23. f3 f5 24. Re2 d4 25. Na4 Nd5 26. c3 Nf4 27. cxd4 Nxe2+ 28. Qxe2 e4 29. fxe4 fxe4 30. Nc3 Rfe8 31. Qh5 Bb4 32. Nd5 Bf8 33. Ne3 Qd7 34. Rc1 g6 35. Qh4 Rc8 36. Re1 1-0

[Event "Guarapari op"]
[Site "Guarapari"]
[Date "2017.09.07"]
[Round "1"]
[White "Bortoloso, Moacir Canella"]
[Black "Santos, Ary Barbosa"]
[Result "1-0"]
[WhiteElo "2069"]
[BlackElo "1733"]
[PlyCount "59"]
[EventDate "2017.09.07"]
[EventType "swiss"]
[EventRounds "6"]
[EventCountry "BRA"]
[SourceTitle "CBM 180 Extra"]
[Source "ChessBase"]
[SourceDate "2017.10.06"]
[SourceVersion "1"]
[SourceVersionDate "2017.10.06"]
[SourceQuality "1"]

1. e4 c5 2. Nf3 e6 3. d4 cxd4 4. Nxd4 Nc6 5. Nc3 Qc7 6. f4 a6 7. Nxc6 bxc6 8. Bd3 Bb7 9. 0-0 Bc5+ 10. Kh1 d5 11. Qg4 g6 12. f5 h5 13. Qe2 Qe7 14. fxg6 f6 15. exd5 cxd5 16. g7 Qxg7 17. Qxe6+ Qe7 18. Bg6+ Kd8 19. Qf5 d4 20. Nd5 Qd6 21. Nf4 Bc8 22. Qe4 Ra7 23. Qe8+ Kc7 24. Nd3 Bd7 25. Qf7 Kb6 26. Qb3+ Bb5 27. a4 Ne7 28. Be4 f5 29. Bf4 Qg6 30. a5# 1-0

[Event "Praia do Morro Guarapari op"]
[Site "Praia do Morro"]
[Date "2017.04.14"]
[Round "2"]
[White "Bortoloso, Moacir Canella"]
[Black "Carvalho, Luiz Candido Brant"]
[Result "1-0"]
[WhiteElo "2110"]
[BlackElo "1772"]
[PlyCount "65"]
[EventDate "2017.04.14"]
[EventType "swiss"]
[EventRounds "6"]
[EventCountry "BRA"]
[SourceTitle "CBM 177 Extra"]
[Source "ChessBase"]
[SourceDate "2017.04.27"]
[SourceVersion "1"]
[SourceVersionDate "2017.04.27"]
[SourceQuality "1"]

1. e4 c5 2. Nf3 Nc6 3. d4 cxd4 4. Nxd4 e5 5. Nb5 d6 6. N1c3 a6 7. Na3 b5 8. Nd5 Nf6 9. Bg5 Be7 10. Bxf6 Bxf6 11. c4 b4 12. Nc2 a5 13. g3 0-0 14. Bg2 Bg5 15. 0-0 Ne7 16. b3 Nxd5 17. Qxd5 Be6 18. Qd3 Qb6 19. Kh1 Rad8 20. f4 exf4 21. gxf4 Bf6 22. Rad1 Be7 23. Ne3 f6 24. Rf3 Rfe8 25. Bh3 Bf7 26. Rg3 Bf8 27. Rdg1 Kh8 28. Bg4 Ra8 29. Rh3 Ra7 30. Bf5 h6 31. Nd5 Bxd5 32. Qxd5 Be7 33. Qf7 1-0

[Event "American Continental 10th"]
[Site "Praia da Pipa"]
[Date "2014.10.24"]
[Round "9"]
[White "De Freitas, Julio Eimard"]
[Black "Bortoloso, Moacir Canella"]
[Result "0-1"]
[WhiteElo "1872"]
[BlackElo "2190"]
[PlyCount "76"]
[EventDate "2014.10.18"]
[EventType "swiss"]
[EventRounds "11"]
[EventCountry "BRA"]
[SourceTitle "EXT 2015"]
[Source "ChessBase"]
[SourceDate "2014.11.20"]
[SourceVersion "1"]
[SourceVersionDate "2014.11.20"]
[SourceQuality "1"]

1. d4 d5 2. c4 Bf5 3. Nc3 e6 4. cxd5 exd5 5. Qb3 Nc6 6. Be3 Nf6 7. h3 Na5 8. Qa4+ c6 9. g4 b5 10. Qd1 Be4 11. Nf3 Nc4 12. Bc1 Bb4 13. Bg2 Qa5 14. 0-0 Bxc3 15. bxc3 Qxc3 16. Bg5 Nd7 17. Qb3 Qa5 18. Rfc1 0-0 19. a4 b4 20. Ne5 Ncxe5 21. Bxe4 dxe4 22. dxe5 Qxe5 23. Be3 c5 24. Ra2 Rac8 25. Rac2 Rc6 26. Rc4 Rfc8 27. Qd1 R6c7 28. Qc2 f5 29. f4 Qe6 30. gxf5 Qxf5 31. Rxe4 Qxh3 32. Qc4+ Kh8 33. Qd3 Nf6 34. Rxb4 cxb4 35. Rxc7 Rxc7 36. Qd8+ Ng8 37. Qxc7 Qxe3+ 38. Kf1 b3 0-1

[Event "Espirito Santo-ch"]
[Site "Vitoria"]
[Date "2014.10.12"]
[Round "5"]
[White "Peixoto, Helio Ricardo Souti"]
[Black "Bortoloso, Moacir Canella"]
[Result "0-1"]
[WhiteElo "1898"]
[BlackElo "2190"]
[PlyCount "84"]
[EventDate "2014.10.09"]
[EventType "swiss"]
[EventRounds "6"]
[EventCountry "BRA"]
[SourceTitle "EXT 2022"]
[Source "ChessBase"]
[SourceDate "2021.10.06"]
[SourceVersion "1"]
[SourceVersionDate "2021.10.06"]
[SourceQuality "1"]

1. e4 c5 2. Qe2 d6 3. d3 Nc6 4. c3 Rb8 5. g3 b5 6. Bg2 b4 7. Nf3 g6 8. 0-0 Bg7 9. d4 cxd4 10. cxd4 Nxd4 11. Nxd4 Bxd4 12. Nd2 Qb6 13. Rd1 Be6 14. Nb3 Bxb3 15. axb3 Nf6 16. Rxd4 Qxd4 17. Be3 Qe5 18. f4 Qe6 19. Bxa7 Rc8 20. Qb5+ Kf8 21. e5 Qd7 22. Qxb4 dxe5 23. fxe5 Ng4 24. Bd4 Rd8 25. Ra8 Kg7 26. Ra4 e6 27. h3 Nh6 28. g4 Rb8 29. Qd6 Rhd8 30. Ra7 Qb5 31. Qxe6 Rxd4 32. g5 Qb6 33. gxh6+ Kxh6 34. Qxb6 Rxb6 35. Rxf7 Re6 36. Bf1 Rd1 37. b4 Rxe5 38. Rf2 Rf5 39. Rxf5 gxf5 40. b5 Rb1 41. Kf2 Kg5 42. Bg2 Rxb2+ 0-1

[Event "Espirito Santo-ch"]
[Site "Vitoria"]
[Date "2014.10.10"]
[Round "2"]
[White "Bortoloso, Moacir Canella"]
[Black "Bonfim, Hudson Soares Do"]
[Result "1-0"]
[WhiteElo "2190"]
[BlackElo "1921"]
[PlyCount "53"]
[EventDate "2014.10.09"]
[EventType "swiss"]
[EventRounds "6"]
[EventCountry "BRA"]
[SourceTitle "EXT 2022"]
[Source "ChessBase"]
[SourceDate "2021.10.06"]
[SourceVersion "1"]
[SourceVersionDate "2021.10.06"]
[SourceQuality "1"]

1. d4 d6 2. Bg5 Nd7 3. e3 c6 4. Nd2 Ngf6 5. f4 Nd5 6. Nc4 f6 7. Bd3 g6 8. Bh4 b5 9. Nd2 Nxe3 10. Qe2 Nd5 11. Ne4 Qa5+ 12. Kf1 Kf7 13. Bg3 Bh6 14. h4 N7b6 15. Nh3 Bxh3 16. Rxh3 Bxf4 17. Re1 Bxg3 18. Nxg3 e5 19. Ne4 Rad8 20. h5 Nf4 21. Qf2 Nbd5 22. hxg6+ hxg6 23. Nxd6+ Rxd6 24. Rxh8 Kg7 25. dxe5 fxe5 26. Qh4 c5 27. Rxe5 1-0